Fill the U.S. Map by State Flags - Statistics

General Stats
  • This quiz has been taken 363 times
  • The average score is 31 of 50
Answers on the Map
Answers color-coded by a green-red scale on the quiz's map according to % correct below.
 
Answer Stats
Flag State % Correct
Texas
96%
California
93%
Alaska
88%
New Mexico
88%
Colorado
84%
Washington
82%
Hawaii
80%
Maryland
80%
Alabama
78%
Arizona
78%
South Carolina
78%
Ohio
76%
Wyoming
76%
Florida
73%
Arkansas
69%
Tennessee
69%
South Dakota
68%
Louisiana
67%
Rhode Island
67%
Mississippi
65%
Oklahoma
65%
Delaware
63%
Georgia
61%
Indiana
61%
North Carolina
61%
Oregon
61%
Iowa
59%
New York
59%
Michigan
57%
Massachusetts
56%
Kentucky
54%
Nevada
54%
Illinois
53%
New Jersey
53%
Maine
52%
Missouri
51%
Montana
51%
Nebraska
51%
Pennsylvania
50%
Kansas
49%
Virginia
49%
Connecticut
48%
Minnesota
48%
Utah
48%
Vermont
48%
West Virginia
48%
New Hampshire
46%
North Dakota
45%
Wisconsin
45%
Idaho
44%
No matching quizzes found
Score Distribution
Percent of People with Each Score
Percentile by Number Answered
Your Score History
You have not taken this quiz